[Event "ODJM B 2025"]
[Site "Willingen GER"]
[Date "2025.06.14"]
[Round "9"]
[White "Sauer, Ben"]
[Black "Stoos, Laura-Alice"]
[Result "1-0"]
[Termination "normal"]
[Board "49"]
[WhiteElo "1675"]
[BlackElo "1706"]
[WhiteClock "00:01:50"]
[BlackClock "00:30:26"]
[PlyCount "71"]
[WhiteFideId "34606866"]
[BlackFideId "34651497"]
[EventCountry "GER"]
[EventRounds "9"]
[EventType "swiss"]
[EventDate "2025.06.07"]

1. e4 {[%clk 01:30:57]} {[%emt 00:00:02]} c6 {[%clk 01:30:55]} {[%emt
00:00:05]} 2. d4 {[%clk 01:31:17]} {[%emt 00:00:11]} d5 {[%clk 01:31:21]}
{[%emt 00:00:04]} 3. exd5 {[%clk 01:31:30]} {[%emt 00:00:16]} cxd5 {[%clk
01:31:43]} {[%emt 00:00:09]} 4. Bd3 {[%clk 01:31:45]} {[%emt 00:00:15]} Nc6
{[%clk 01:32:07]} {[%emt 00:00:06]} 5. c3 {[%clk 01:32:02]} {[%emt 00:00:12]}
Nf6 {[%clk 01:32:31]} {[%emt 00:00:06]} 6. Bf4 {[%clk 01:32:04]} {[%emt
00:00:30]} Bg4 {[%clk 01:32:24]} {[%emt 00:00:36]} 7. Qb3 {[%clk 01:31:21]}
{[%emt 00:01:13]} Qc8 {[%clk 01:31:48]} {[%emt 00:01:06]} 8. Nd2 {[%clk
01:29:06]} {[%emt 00:02:45]} e6 {[%clk 01:31:22]} {[%emt 00:00:55]} 9. Ngf3
{[%clk 01:29:12]} {[%emt 00:00:24]} Be7 {[%clk 01:31:31]} {[%emt 00:00:22]} 10.
O-O {[%clk 01:28:57]} {[%emt 00:00:45]} Bh5 {[%clk 01:29:55]} {[%emt 00:02:06]}
11. Rfe1 {[%clk 01:20:37]} {[%emt 00:08:50]} Bg6 {[%clk 01:29:08]} {[%emt
00:01:16]} 12. Bxg6 {[%clk 01:18:23]} {[%emt 00:02:44]} hxg6 {[%clk 01:29:30]}
{[%emt 00:00:07]} 13. h3 {[%clk 01:16:32]} {[%emt 00:02:23]} O-O {[%clk
01:22:32]} {[%emt 00:07:27]} 14. Re3 {[%clk 01:12:42]} {[%emt 00:04:21]} Nh5
{[%clk 01:16:11]} {[%emt 00:06:50]} 15. Bh2 {[%clk 01:11:00]} {[%emt 00:02:12]}
a6 {[%clk 01:14:57]} {[%emt 00:01:44]} 16. Rae1 {[%clk 00:54:59]} {[%emt
00:16:31]} b5 {[%clk 01:14:08]} {[%emt 00:01:20]} 17. Qd1 {[%clk 00:44:53]}
{[%emt 00:10:35]} Re8 {[%clk 01:10:44]} {[%emt 00:03:53]} 18. Ne5 {[%clk
00:41:10]} {[%emt 00:04:14]} Bd6 {[%clk 01:09:14]} {[%emt 00:02:01]} 19. Ndf3
{[%clk 00:26:34]} {[%emt 00:15:07]} Re7 {[%clk 01:04:16]} {[%emt 00:05:27]} 20.
Kh1 {[%clk 00:19:37]} {[%emt 00:07:27]} Nxe5 {[%clk 00:57:34]} {[%emt
00:07:12]} 21. dxe5 {[%clk 00:18:32]} {[%emt 00:01:35]} Bc5 {[%clk 00:56:30]}
{[%emt 00:01:35]} 22. R3e2 {[%clk 00:16:46]} {[%emt 00:02:14]} f5 {[%clk
00:55:54]} {[%emt 00:01:06]} 23. Qd2 {[%clk 00:10:16]} {[%emt 00:07:01]} Qf8
{[%clk 00:50:58]} {[%emt 00:05:25]} 24. g3 {[%clk 00:08:42]} {[%emt 00:02:05]}
a5 {[%clk 00:47:15]} {[%emt 00:04:13]} 25. Ng5 {[%clk 00:07:38]} {[%emt
00:01:34]} b4 {[%clk 00:45:45]} {[%emt 00:02:01]} 26. g4 {[%clk 00:06:04]}
{[%emt 00:02:03]} bxc3 {[%clk 00:42:42]} {[%emt 00:03:33]} 27. bxc3 {[%clk
00:06:22]} {[%emt 00:00:13]} Rb8 {[%clk 00:36:13]} {[%emt 00:06:59]} 28. gxh5
{[%clk 00:06:06]} {[%emt 00:00:46]} gxh5 {[%clk 00:36:37]} {[%emt 00:00:06]}
29. f4 {[%clk 00:04:49]} {[%emt 00:01:48]} d4 {[%clk 00:35:43]} {[%emt
00:01:24]} 30. Rd1 {[%clk 00:02:39]} {[%emt 00:02:40]} dxc3 {[%clk 00:34:08]}
{[%emt 00:02:04]} 31. Qxc3 {[%clk 00:02:54]} {[%emt 00:00:15]} Rd8 {[%clk
00:31:11]} {[%emt 00:03:27]} 32. Rxd8 {[%clk 00:02:42]} {[%emt 00:00:43]} Qxd8
{[%clk 00:31:35]} {[%emt 00:00:06]} 33. Qxc5 {[%clk 00:01:37]} {[%emt
00:01:35]} Qd1+ {[%clk 00:31:54]} {[%emt 00:00:10]} 34. Bg1 {[%clk 00:01:46]}
{[%emt 00:00:19]} Qxe2 {[%clk 00:30:32]} {[%emt 00:01:54]} 35. Qc8+ {[%clk
00:01:48]} {[%emt 00:00:27]} Re8 {[%clk 00:30:26]} {[%emt 00:00:36]} 36. Qxe8#
{[%clk 00:01:50]} {[%emt 00:00:28]} 1-0

[Event "ODJM B 2025"]
[Site "Willingen GER"]
[Date "2025.06.14"]
[Round "9"]
[White "Jones, Colin"]
[Black "Claussen, Daniela"]
[Result "0-1"]
[Termination "normal"]
[Board "50"]
[WhiteElo "1531"]
[BlackElo "1567"]
[WhiteClock "01:22:22"]
[BlackClock "00:46:51"]
[PlyCount "90"]
[WhiteFideId "533043655"]
[BlackFideId "16248929"]
[EventCountry "GER"]
[EventRounds "9"]
[EventType "swiss"]
[EventDate "2025.06.07"]

1. e4 {[%clk 01:30:56]} {[%emt 00:00:03]} e6 {[%clk 01:30:47]} {[%emt
00:00:13]} 2. d4 {[%clk 01:31:19]} {[%emt 00:00:08]} b6 {[%clk 01:31:02]}
{[%emt 00:00:15]} 3. Nc3 {[%clk 01:31:35]} {[%emt 00:00:14]} Bb4 {[%clk
01:31:15]} {[%emt 00:00:16]} 4. Bd2 {[%clk 01:31:48]} {[%emt 00:00:18]} Bb7
{[%clk 01:31:31]} {[%emt 00:00:14]} 5. Bd3 {[%clk 01:32:06]} {[%emt 00:00:11]}
Bxc3 {[%clk 01:31:50]} {[%emt 00:00:12]} 6. Bxc3 {[%clk 01:32:28]} {[%emt
00:00:08]} f5 {[%clk 01:32:12]} {[%emt 00:00:07]} 7. d5 {[%clk 01:30:03]}
{[%emt 00:02:56]} Nf6 {[%clk 01:30:33]} {[%emt 00:02:08]} 8. exf5 {[%clk
01:28:41]} {[%emt 00:01:53]} Bxd5 {[%clk 01:29:42]} {[%emt 00:01:21]} 9. f3
{[%clk 01:28:30]} {[%emt 00:00:41]} O-O {[%clk 01:29:16]} {[%emt 00:00:56]} 10.
fxe6 {[%clk 01:28:26]} {[%emt 00:00:34]} Qe7 {[%clk 01:28:36]} {[%emt
00:01:09]} 11. Ne2 {[%clk 01:28:34]} {[%emt 00:00:22]} Qxe6 {[%clk 01:27:20]}
{[%emt 00:01:46]} 12. Qd2 {[%clk 01:27:53]} {[%emt 00:01:12]} Bc4 {[%clk
01:24:03]} {[%emt 00:03:47]} 13. b3 {[%clk 01:27:10]} {[%emt 00:01:13]} Bxd3
{[%clk 01:23:59]} {[%emt 00:00:34]} 14. Qxd3 {[%clk 01:27:30]} {[%emt
00:00:10]} Re8 {[%clk 01:23:31]} {[%emt 00:00:58]} 15. Kd2 {[%clk 01:26:52]}
{[%emt 00:01:08]} Nd5 {[%clk 01:21:52]} {[%emt 00:02:08]} 16. Rhe1 {[%clk
01:26:28]} {[%emt 00:00:54]} Qh6+ {[%clk 01:18:05]} {[%emt 00:04:18]} 17. f4
{[%clk 01:25:38]} {[%emt 00:01:20]} c6 {[%clk 01:13:38]} {[%emt 00:04:56]} 18.
g3 {[%clk 01:22:44]} {[%emt 00:03:24]} Qxh2 {[%clk 01:10:39]} {[%emt 00:03:29]}
19. Rh1 {[%clk 01:21:26]} {[%emt 00:01:48]} Rxe2+ {[%clk 01:09:08]} {[%emt
00:02:01]} 20. Qxe2 {[%clk 01:21:46]} {[%emt 00:00:10]} Qxe2+ {[%clk 01:09:28]}
{[%emt 00:00:11]} 21. Kxe2 {[%clk 01:22:11]} {[%emt 00:00:04]} Nxc3+ {[%clk
01:09:47]} {[%emt 00:00:11]} 22. Kd3 {[%clk 01:22:23]} {[%emt 00:00:18]} Nd5
{[%clk 01:09:56]} {[%emt 00:00:20]} 23. c4 {[%clk 01:21:22]} {[%emt 00:01:32]}
Nf6 {[%clk 01:09:53]} {[%emt 00:00:33]} 24. Rhe1 {[%clk 01:21:20]} {[%emt
00:00:32]} c5 {[%clk 01:08:54]} {[%emt 00:01:30]} 25. Re7 {[%clk 01:20:55]}
{[%emt 00:00:54]} Nc6 {[%clk 01:08:48]} {[%emt 00:00:37]} 26. Re2 {[%clk
01:21:11]} {[%emt 00:00:13]} Kf7 {[%clk 01:08:22]} {[%emt 00:00:56]} 27. Rae1
{[%clk 01:21:19]} {[%emt 00:00:22]} Re8 {[%clk 01:05:36]} {[%emt 00:03:16]} 28.
Rxe8 {[%clk 01:21:27]} {[%emt 00:00:22]} Nxe8 {[%clk 01:05:59]} {[%emt
00:00:08]} 29. a3 {[%clk 01:21:41]} {[%emt 00:00:15]} Nf6 {[%clk 01:05:42]}
{[%emt 00:00:47]} 30. Ke3 {[%clk 01:21:36]} {[%emt 00:00:34]} Nd4 {[%clk
01:05:44]} {[%emt 00:00:29]} 31. Rb1 {[%clk 01:21:33]} {[%emt 00:00:33]} d5
{[%clk 01:03:48]} {[%emt 00:02:27]} 32. b4 {[%clk 01:21:25]} {[%emt 00:00:38]}
Nc2+ {[%clk 00:48:43]} {[%emt 00:15:34]} 33. Kd3 {[%clk 01:21:01]} {[%emt
00:00:55]} Nxa3 {[%clk 00:48:47]} {[%emt 00:00:26]} 34. Ra1 {[%clk 01:20:54]}
{[%emt 00:00:37]} dxc4+ {[%clk 00:49:03]} {[%emt 00:00:13]} 35. Kc3 {[%clk
01:21:04]} {[%emt 00:00:20]} cxb4+ {[%clk 00:48:29]} {[%emt 00:01:04]} 36. Kb2
{[%clk 01:21:15]} {[%emt 00:00:19]} Nd7 {[%clk 00:45:30]} {[%emt 00:03:29]} 37.
Rd1 {[%clk 01:21:33]} {[%emt 00:00:13]} Nc5 {[%clk 00:45:28]} {[%emt 00:00:32]}
38. g4 {[%clk 01:20:56]} {[%emt 00:01:07]} c3+ {[%clk 00:45:42]} {[%emt
00:00:15]} 39. Ka1 {[%clk 01:21:17]} {[%emt 00:00:09]} c2 {[%clk 00:45:41]}
{[%emt 00:00:32]} 40. Rc1 {[%clk 01:20:58]} {[%emt 00:00:49]} Nb3+ {[%clk
00:45:55]} {[%emt 00:00:16]} 41. Kb2 {[%clk 01:21:20]} {[%emt 00:00:08]} Nxc1
{[%clk 00:46:07]} {[%emt 00:00:18]} 42. g5 {[%clk 01:21:34]} {[%emt 00:00:16]}
Nd3+ {[%clk 00:46:21]} {[%emt 00:00:15]} 43. Ka2 {[%clk 01:21:49]} {[%emt
00:00:16]} c1=Q {[%clk 00:46:20]} {[%emt 00:00:31]} 44. g6+ {[%clk 01:22:11]}
{[%emt 00:00:08]} Kf6 {[%clk 00:46:28]} {[%emt 00:00:21]} 45. f5 {[%clk
01:22:22]} {[%emt 00:00:19]} Qb1# {[%clk 00:46:51]} {[%emt 00:00:07]} 0-1

[Event "ODJM B 2025"]
[Site "Willingen GER"]
[Date "2025.06.14"]
[Round "9"]
[White "Hildebrand, Azat"]
[Black "Wang, Enya Marie"]
[Result "0-1"]
[Termination "normal"]
[Board "51"]
[WhiteElo "1602"]
[BlackElo "1649"]
[WhiteClock "00:17:17"]
[BlackClock "00:16:10"]
[PlyCount "66"]
[WhiteFideId "34607536"]
[BlackFideId "34660330"]
[EventCountry "GER"]
[EventRounds "9"]
[EventType "swiss"]
[EventDate "2025.06.07"]

1. d4 {[%clk 01:30:56]} {[%emt 00:00:04]} d5 {[%clk 01:30:54]} {[%emt
00:00:06]} 2. c4 {[%clk 01:31:19]} {[%emt 00:00:07]} dxc4 {[%clk 01:31:18]}
{[%emt 00:00:06]} 3. e4 {[%clk 01:31:43]} {[%emt 00:00:06]} Nf6 {[%clk
01:31:41]} {[%emt 00:00:07]} 4. e5 {[%clk 01:32:09]} {[%emt 00:00:04]} Nd5
{[%clk 01:31:58]} {[%emt 00:00:13]} 5. Bxc4 {[%clk 01:32:31]} {[%emt 00:00:08]}
Nb6 {[%clk 01:31:31]} {[%emt 00:00:57]} 6. Bb3 {[%clk 01:32:04]} {[%emt
00:00:57]} Bf5 {[%clk 01:31:22]} {[%emt 00:00:39]} 7. Qf3 {[%clk 01:29:56]}
{[%emt 00:02:38]} e6 {[%clk 01:24:59]} {[%emt 00:06:53]} 8. Ne2 {[%clk
01:26:35]} {[%emt 00:03:51]} Nc6 {[%clk 01:24:20]} {[%emt 00:01:10]} 9. Be3
{[%clk 01:25:57]} {[%emt 00:01:07]} Be7 {[%clk 01:22:43]} {[%emt 00:02:07]} 10.
a3 {[%clk 01:24:58]} {[%emt 00:01:30]} O-O {[%clk 01:18:38]} {[%emt 00:04:34]}
11. Nbc3 {[%clk 01:24:05]} {[%emt 00:01:22]} Rb8 {[%clk 01:15:01]} {[%emt
00:04:07]} 12. O-O {[%clk 01:23:13]} {[%emt 00:01:22]} Na5 {[%clk 01:14:02]}
{[%emt 00:01:30]} 13. Ba2 {[%clk 01:22:13]} {[%emt 00:01:31]} Nac4 {[%clk
01:12:51]} {[%emt 00:01:40]} 14. Bxc4 {[%clk 01:21:20]} {[%emt 00:01:23]} Nxc4
{[%clk 01:13:04]} {[%emt 00:00:17]} 15. b4 {[%clk 01:18:23]} {[%emt 00:03:27]}
Nxe3 {[%clk 01:10:33]} {[%emt 00:03:01]} 16. fxe3 {[%clk 01:16:06]} {[%emt
00:02:47]} c6 {[%clk 01:04:37]} {[%emt 00:06:26]} 17. g3 {[%clk 01:11:23]}
{[%emt 00:05:13]} a5 {[%clk 00:57:35]} {[%emt 00:07:32]} 18. b5 {[%clk
01:06:47]} {[%emt 00:05:05]} cxb5 {[%clk 00:54:45]} {[%emt 00:03:21]} 19. Nxb5
{[%clk 01:04:57]} {[%emt 00:02:20]} Bd3 {[%clk 00:53:34]} {[%emt 00:01:41]} 20.
Nbc3 {[%clk 01:00:51]} {[%emt 00:04:35]} b6 {[%clk 00:50:33]} {[%emt 00:03:31]}
21. Rfd1 {[%clk 00:55:42]} {[%emt 00:05:40]} Ba6 {[%clk 00:50:29]} {[%emt
00:00:34]} 22. a4 {[%clk 00:52:03]} {[%emt 00:04:09]} Bb7 {[%clk 00:46:04]}
{[%emt 00:04:55]} 23. e4 {[%clk 00:50:53]} {[%emt 00:01:41]} Qd7 {[%clk
00:41:00]} {[%emt 00:05:32]} 24. d5 {[%clk 00:49:00]} {[%emt 00:02:23]} exd5
{[%clk 00:38:21]} {[%emt 00:03:10]} 25. exd5 {[%clk 00:47:52]} {[%emt
00:01:38]} Bc5+ {[%clk 00:37:45]} {[%emt 00:01:06]} 26. Kg2 {[%clk 00:42:47]}
{[%emt 00:05:34]} Rfe8 {[%clk 00:34:23]} {[%emt 00:03:51]} 27. Qe4 {[%clk
00:39:22]} {[%emt 00:03:58]} f6 {[%clk 00:30:35]} {[%emt 00:04:18]} 28. e6
{[%clk 00:25:10]} {[%emt 00:14:41]} Rxe6 {[%clk 00:28:55]} {[%emt 00:02:10]}
29. Qf4 {[%clk 00:24:48]} {[%emt 00:00:53]} Rbe8 {[%clk 00:25:43]} {[%emt
00:03:37]} 30. Kf1 {[%clk 00:23:42]} {[%emt 00:01:40]} Re5 {[%clk 00:25:04]}
{[%emt 00:01:06]} 31. Qf3 {[%clk 00:22:19]} {[%emt 00:01:55]} Re3 {[%clk
00:19:54]} {[%emt 00:05:39]} 32. Qg2 {[%clk 00:20:51]} {[%emt 00:02:00]} Qf5+
{[%clk 00:17:21]} {[%emt 00:03:02]} 33. Ke1 {[%clk 00:17:17]} {[%emt 00:04:06]}
Rxc3 {[%clk 00:16:10]} {[%emt 00:01:40]} 0-1

[Event "ODJM B 2025"]
[Site "Willingen GER"]
[Date "2025.06.14"]
[Round "9"]
[White "Lau, Lars"]
[Black "Tryk, Paul-Luca"]
[Result "1/2-1/2"]
[Termination "normal"]
[Board "52"]
[WhiteElo "1569"]
[BlackElo "1741"]
[WhiteClock "00:41:59"]
[BlackClock "01:08:41"]
[PlyCount "56"]
[WhiteFideId "34623663"]
[BlackFideId "34698515"]
[EventCountry "GER"]
[EventRounds "9"]
[EventType "swiss"]
[EventDate "2025.06.07"]

1. d4 {[%clk 01:30:57]} {[%emt 00:00:03]} Nf6 {[%clk 01:30:57]} {[%emt
00:00:04]} 2. c4 {[%clk 01:31:24]} {[%emt 00:00:04]} e6 {[%clk 01:31:23]}
{[%emt 00:00:04]} 3. Nc3 {[%clk 01:31:50]} {[%emt 00:00:03]} Bb4 {[%clk
01:31:45]} {[%emt 00:00:08]} 4. e3 {[%clk 01:32:15]} {[%emt 00:00:05]} d5
{[%clk 01:30:57]} {[%emt 00:01:17]} 5. Nf3 {[%clk 01:32:09]} {[%emt 00:00:37]}
O-O {[%clk 01:30:38]} {[%emt 00:00:49]} 6. cxd5 {[%clk 01:32:30]} {[%emt
00:00:09]} exd5 {[%clk 01:30:44]} {[%emt 00:00:24]} 7. Be2 {[%clk 01:32:54]}
{[%emt 00:00:05]} Ne4 {[%clk 01:29:56]} {[%emt 00:01:19]} 8. Qb3 {[%clk
01:33:05]} {[%emt 00:00:20]} Bxc3+ {[%clk 01:29:53]} {[%emt 00:00:32]} 9. bxc3
{[%clk 01:33:29]} {[%emt 00:00:06]} c5 {[%clk 01:29:21]} {[%emt 00:01:02]} 10.
O-O {[%clk 01:33:17]} {[%emt 00:00:42]} c4 {[%clk 01:29:36]} {[%emt 00:00:15]}
11. Qc2 {[%clk 01:33:14]} {[%emt 00:00:33]} Bf5 {[%clk 01:29:04]} {[%emt
00:01:02]} 12. Qb2 {[%clk 01:25:08]} {[%emt 00:08:36]} Qc7 {[%clk 01:14:06]}
{[%emt 00:15:28]} 13. Bd2 {[%clk 01:08:56]} {[%emt 00:16:42]} Nd7 {[%clk
01:13:08]} {[%emt 00:01:28]} 14. Nh4 {[%clk 00:59:44]} {[%emt 00:09:42]} Nxd2
{[%clk 01:12:59]} {[%emt 00:00:39]} 15. Qxd2 {[%clk 01:00:05]} {[%emt
00:00:09]} Bg6 {[%clk 01:12:58]} {[%emt 00:00:31]} 16. Nxg6 {[%clk 01:00:26]}
{[%emt 00:00:09]} fxg6 {[%clk 01:13:00]} {[%emt 00:00:28]} 17. Rab1 {[%clk
00:58:16]} {[%emt 00:02:40]} a6 {[%clk 01:13:08]} {[%emt 00:00:22]} 18. Rb2
{[%clk 00:58:03]} {[%emt 00:00:43]} b5 {[%clk 01:12:53]} {[%emt 00:00:45]} 19.
Rfb1 {[%clk 00:56:29]} {[%emt 00:02:04]} Rab8 {[%clk 01:12:42]} {[%emt
00:00:41]} 20. Bg4 {[%clk 00:50:39]} {[%emt 00:06:20]} Qd6 {[%clk 01:11:36]}
{[%emt 00:01:35]} 21. Bxd7 {[%clk 00:50:53]} {[%emt 00:00:16]} Qxd7 {[%clk
01:11:59]} {[%emt 00:00:07]} 22. a4 {[%clk 00:51:13]} {[%emt 00:00:11]} Rb6
{[%clk 01:11:57]} {[%emt 00:00:32]} 23. axb5 {[%clk 00:51:17]} {[%emt
00:00:27]} Rxb5 {[%clk 01:12:15]} {[%emt 00:00:11]} 24. Rxb5 {[%clk 00:50:05]}
{[%emt 00:01:42]} axb5 {[%clk 01:12:10]} {[%emt 00:00:35]} 25. Qb2 {[%clk
00:44:10]} {[%emt 00:05:25]} Ra8 {[%clk 01:11:00]} {[%emt 00:02:40]} 26. Qb4
{[%clk 00:43:55]} {[%emt 00:00:45]} Ra2 {[%clk 01:10:17]} {[%emt 00:01:13]} 27.
g3 {[%clk 00:42:51]} {[%emt 00:01:34]} Qf5 {[%clk 01:08:45]} {[%emt 00:02:01]}
28. Rf1 {[%clk 00:41:59]} {[%emt 00:01:23]} Qd7 {[%clk 01:08:41]} {[%emt
00:00:33]} 1/2-1/2

[Event "ODJM B 2025"]
[Site "Willingen GER"]
[Date "2025.06.14"]
[Round "9"]
[White "Kühne, Malin"]
[Black "Rabus, Johann"]
[Result "1-0"]
[Termination "normal"]
[Board "53"]
[WhiteElo "1536"]
[BlackElo "1579"]
[WhiteClock "00:15:50"]
[BlackClock "00:47:03"]
[PlyCount "75"]
[WhiteFideId "34619747"]
[BlackFideId "34602950"]
[EventCountry "GER"]
[EventRounds "9"]
[EventType "swiss"]
[EventDate "2025.06.07"]

1. d4 {[%clk 01:30:58]} {[%emt 00:00:02]} d5 {[%clk 01:30:51]} {[%emt
00:00:09]} 2. c4 {[%clk 01:31:22]} {[%emt 00:00:07]} c6 {[%clk 01:31:14]}
{[%emt 00:00:06]} 3. Nf3 {[%clk 01:31:47]} {[%emt 00:00:05]} e6 {[%clk
01:31:37]} {[%emt 00:00:08]} 4. e3 {[%clk 01:31:43]} {[%emt 00:00:32]} f5
{[%clk 01:32:00]} {[%emt 00:00:07]} 5. Nc3 {[%clk 01:22:13]} {[%emt 00:10:00]}
Nf6 {[%clk 01:31:55]} {[%emt 00:00:36]} 6. Be2 {[%clk 01:19:17]} {[%emt
00:03:25]} Bd6 {[%clk 01:31:58]} {[%emt 00:00:28]} 7. O-O {[%clk 01:08:56]}
{[%emt 00:10:50]} O-O {[%clk 01:32:21]} {[%emt 00:00:08]} 8. Nd2 {[%clk
01:07:27]} {[%emt 00:01:59]} Ne4 {[%clk 01:27:20]} {[%emt 00:05:30]} 9. f4
{[%clk 00:57:36]} {[%emt 00:10:22]} Kh8 {[%clk 01:23:57]} {[%emt 00:03:53]} 10.
Nf3 {[%clk 00:55:47]} {[%emt 00:02:19]} Rg8 {[%clk 01:23:55]} {[%emt 00:00:32]}
11. Qe1 {[%clk 00:54:54]} {[%emt 00:01:22]} g5 {[%clk 01:21:18]} {[%emt
00:03:07]} 12. Nxe4 {[%clk 00:52:26]} {[%emt 00:02:59]} dxe4 {[%clk 01:15:08]}
{[%emt 00:06:40]} 13. Nxg5 {[%clk 00:48:42]} {[%emt 00:04:13]} Qe7 {[%clk
01:14:17]} {[%emt 00:01:22]} 14. b3 {[%clk 00:43:07]} {[%emt 00:06:06]} h6
{[%clk 01:11:30]} {[%emt 00:03:16]} 15. Nh3 {[%clk 00:41:34]} {[%emt 00:02:00]}
Qg7 {[%clk 01:10:33]} {[%emt 00:01:29]} 16. Rf2 {[%clk 00:39:51]} {[%emt
00:02:13]} Nd7 {[%clk 01:10:02]} {[%emt 00:01:02]} 17. Bb2 {[%clk 00:38:38]}
{[%emt 00:01:43]} Be7 {[%clk 01:07:48]} {[%emt 00:02:44]} 18. Bf1 {[%clk
00:35:18]} {[%emt 00:03:50]} Nf6 {[%clk 00:59:33]} {[%emt 00:08:44]} 19. Kh1
{[%clk 00:33:33]} {[%emt 00:02:18]} Ng4 {[%clk 00:55:51]} {[%emt 00:04:10]} 20.
Re2 {[%clk 00:32:07]} {[%emt 00:01:51]} Bf6 {[%clk 00:54:24]} {[%emt 00:02:01]}
21. Rb1 {[%clk 00:31:08]} {[%emt 00:01:30]} b6 {[%clk 00:52:05]} {[%emt
00:02:49]} 22. Nf2 {[%clk 00:28:58]} {[%emt 00:02:39]} Bh4 {[%clk 00:51:35]}
{[%emt 00:01:00]} 23. d5 {[%clk 00:27:47]} {[%emt 00:01:41]} Bf6 {[%clk
00:50:36]} {[%emt 00:01:29]} 24. Nxg4 {[%clk 00:27:07]} {[%emt 00:01:10]} Bxb2
{[%clk 00:50:51]} {[%emt 00:00:14]} 25. Rbxb2 {[%clk 00:25:00]} {[%emt
00:02:38]} Qxg4 {[%clk 00:49:06]} {[%emt 00:02:15]} 26. dxc6 {[%clk 00:24:10]}
{[%emt 00:01:19]} Ba6 {[%clk 00:49:23]} {[%emt 00:00:13]} 27. Qc3+ {[%clk
00:23:21]} {[%emt 00:01:18]} Qg7 {[%clk 00:49:21]} {[%emt 00:00:34]} 28. Qxg7+
{[%clk 00:23:02]} {[%emt 00:00:48]} Rxg7 {[%clk 00:49:45]} {[%emt 00:00:07]}
29. Red2 {[%clk 00:22:40]} {[%emt 00:00:50]} Rc8 {[%clk 00:49:42]} {[%emt
00:00:35]} 30. Rd6 {[%clk 00:22:34]} {[%emt 00:00:36]} Rgc7 {[%clk 00:50:03]}
{[%emt 00:00:08]} 31. b4 {[%clk 00:17:50]} {[%emt 00:05:14]} Bxc4 {[%clk
00:47:58]} {[%emt 00:02:36]} 32. Bxc4 {[%clk 00:18:12]} {[%emt 00:00:08]} Rxc6
{[%clk 00:48:25]} {[%emt 00:00:03]} 33. Rxc6 {[%clk 00:18:28]} {[%emt
00:00:12]} Rxc6 {[%clk 00:48:52]} {[%emt 00:00:05]} 34. Rc2 {[%clk 00:18:06]}
{[%emt 00:00:52]} e5 {[%clk 00:48:31]} {[%emt 00:00:51]} 35. fxe5 {[%clk
00:17:17]} {[%emt 00:01:19]} f4 {[%clk 00:48:53]} {[%emt 00:00:08]} 36. exf4
{[%clk 00:15:32]} {[%emt 00:02:14]} e3 {[%clk 00:48:59]} {[%emt 00:00:25]} 37.
Kg1 {[%clk 00:15:38]} {[%emt 00:00:23]} e2 {[%clk 00:47:03]} {[%emt 00:02:28]}
38. Kf2 {[%clk 00:15:50]} {[%emt 00:00:18]} 1-0